Costing human resources / (Record no. 345253)

000 -LEADER
fixed length control field 00923 a2200205 4500
020 ## - INTERNATIONAL STANDARD BOOK NUMBER
International Standard Book Number 0324007094
020 ## - INTERNATIONAL STANDARD BOOK NUMBER
International Standard Book Number 9780324007091
082 04 - DEWEY DECIMAL CLASSIFICATION NUMBER
Classification number 658.1553
090 ## - LOCALLY ASSIGNED LC-TYPE CALL NUMBER (OCLC); LOCAL CALL NUMBER (RLIN)
-- 2762
-- 2762
100 1# - MAIN ENTRY--PERSONAL NAME
Personal name Cascio, Wayne F.
245 10 - TITLE STATEMENT
Title Costing human resources /
Statement of responsibility, etc. Wayne F. Cascio.
250 ## - EDITION STATEMENT
Edition statement 4th ed.
260 ## - PUBLICATION, DISTRIBUTION, ETC.
Place of publication, distribution, etc. [S.l.] :
Name of publisher, distributor, etc. South-Western College Pub,
Date of publication, distribution, etc. 1999.
300 ## - PHYSICAL DESCRIPTION
Extent 384 p. ;
Dimensions 23 cm.
500 ## - GENERAL NOTE
General note Paperback.
520 ## - SUMMARY, ETC.
Summary, etc. This text addresses the methods available for estimating the dollar value of human resource development programs. It has been thoroughly updated to reflect all the changes in government regulations as they affect the cost of human resources to a company or organization.
856 40 - ELECTRONIC LOCATION AND ACCESS
Materials specified Amazon.com
Uniform Resource Identifier <a href="http://www.amazon.com/exec/obidos/ASIN/0324007094/chopaconline-20">http://www.amazon.com/exec/obidos/ASIN/0324007094/chopaconline-20</a>
856 40 - ELECTRONIC LOCATION AND ACCESS
Materials specified Amazon customer reviews
Uniform Resource Identifier <a href="http://www.chopac.org/cgi-bin/tools/azrev.pl?q=0324007094">http://www.chopac.org/cgi-bin/tools/azrev.pl?q=0324007094</a>
942 ## - ADDED ENTRY ELEMENTS (KOHA)
Institution code [OBSOLETE] NBS
Koha item type Book
Call number prefix 658.155321 CAS
Holdings
Withdrawn status Lost status Damaged status Not for loan Permanent Location Current Location Date acquired Total Checkouts Full call number Barcode Date last seen Price effective from Koha item type
        Central Library (CL) Central Library (CL) 08/28/2013   658.155321 CAS NBS5756 08/28/2013 08/28/2013 Book
© 2023 Central Library, National University of Sciences and Technology. All Rights Reserved.